Responses for Show #2460 - Friday, April 21, 1995

Contestants

[<< previous game]

Anne Dwyer, a temporary office worker from Chicago, Illinois

Joe Clark, a substitute teacher originally from Chester, Pennsylvania

Steve Irish, an amateur athlete from Washington, D.C. (whose 2-day cash winnings total $13,600)

[next game >>]

Jeopardy! Round responses

WORLD HISTORY
NYC LANDMARKS
HEALTH & FITNESS
BIRDS
BUSINESS & INDUSTRY
THE SMITHS
    $100 1
Mexico

Joe
    $100 11
George Washington

Joe
    $100 26
popcorn

Anne
    $100 21
bald eagles

Steve
    $100 16
Campbell

Joe
    $100 4
John Smith

Joe
    $200 2
the telegraph

Joe
    $200 12
(Joe: What is a museum?)
(Steve: What is a replica?)
...
(Alex: Sorry, Anne, you didn't ring in quickly enough.)

a planetarium

SteveJoe
Triple Stumper
    $200 27
jumping rope

Joe
    $200 22
a hummingbird

Steve
    $200 17
Boeing

Joe
    $200 5
Adam Smith

Steve
    $300 3
Brezhnev

Anne
    $300 13
Lincoln Center

Steve
    $300 28
a tetanus shot

Joe
    $300 23
ducks

Joe
    $300 18
Heinz

Steve
    $300 8
Bessie Smith

Joe
    $400 6
France

Steve
    $400 14
St. Patrick's

Joe
    $400 29
calories

Steve
    $400 24
a falcon

Anne
    $400 19
barbecue grill

Anne
    $400 9
Joseph Smith

Steve
    $500 7
Philip (of Macedonia)

Joe
    $500 15
Grand Central Station

Joe
    $500 30
(Anne: What is salt?)
...
(Alex: The element, not the compound.)

sodium

SteveAnne
    $1,000 25
the albatross

Anne
    $500 20
(Joe: What are automobiles?)

boats

JoeAnne
    $500 10
Ian Smith

Triple Stumper

Scores at the first commercial break (after clue 15):

Steve Joe Anne
$1,100 $2,000 $300

Scores at the end of the Jeopardy! Round:

Steve Joe Anne
$2,600 $2,600 $2,200

Double Jeopardy! Round responses

STATES OF INDIA
THE REVOLUTIONARY WAR
NOTORIOUS
MOVIE TRIVIA
GARDENING
POETS & POETRY
    $200 11
Buddhism

Steve
    $200 2
the Delaware

Steve
    $200 1
the Eiffel Tower

Steve
    $200 16
The Sting

Steve
    $200 26
potash

Joe
    $200 17
Edgar Allan Poe

Steve
    $400 12
Bangladesh

Joe
    $400 3
Ethan Allen

Steve
    $400 5
the St. Valentine's Day Massacre

Joe
    $400 22
Dan Aykroyd

Anne
    $400 27
a hoe

Steve
    $400 18
Walt Whitman

Steve
    $600 13
(Joe: What is the Punjab?)

Kashmir

Joe
Triple Stumper
    $600 4
(Steve: Who is Benedict Arnold?)
(Joe: Who is André?)

Nathan Hale

SteveJoeAnne
    $600 8
Paul VI

Joe
    $600 23
(Alex: We have a minute to go.)

Nell

Joe
    $600 19
Henry Wadsworth Longfellow

Triple Stumper
    $800 14
(Joe: What is the Bhagalavi--Bhagalad Gita?)

the Mahabharata

Joe
Triple Stumper
    $800 6
Betsy Ross

Steve
    $800 9
Sam Sheppard

Joe
    $800 24
Danny Kaye

Joe
    $1,300 29
(Steve: What is carnation?)
...
[The end-of-round signal sounds.]

corn

Steve
    $800 20
Dickinson

Joe
    $1000 15
Sikkim

Triple Stumper
    $1,000 7
Molly Pitcher

Steve
    $1000 10
(Rafael) Trujillo

Joe
    $1000 25
Norma Desmond

Joe
    $1000 28
water

Triple Stumper
    $1000 21
William Butler Yeats

Triple Stumper

Scores at the end of the Double Jeopardy! Round:

Steve Joe Anne
$4,700 $7,200 $3,200

[wagering suggestions for these scores]

Final Jeopardy! Round responses

FAMOUS FAMILIES
(Alex: [To Anne] Napoleon was one of the members of the [*] family but, unfortunately, we have to rule against you because of that.)
AnneWho was Napoleon
$1,000
SteveWho are the Bonapartes
$4,700
JoeWho were the Bonaparts
$2,201
the Bonapartes

Final scores:

Steve Joe Anne
$9,400 $9,401 $2,200
2nd place: Bassett dining room set + Michael C. Fina crystalware + Jeopardy! Sports Edition for home computer or Super Nintendo Entertainment System New champion: $9,401 3rd place: Go Video dual-deck VCR + Jeopardy! Sports Edition for home computer or Super Nintendo Entertainment System

Game dynamics:

Coryat scores:

Steve Joe Anne
$6,000 $7,200 $2,700
19 R
(including 1 DD),
3 W
(including 1 DD)
23 R,
5 W
8 R
(including 1 DD),
1 W

Combined Coryat: $15,900

[game clues] [game scores] [suggest correction]

Game tape date: 1995-01-10
The J! Archive is created by fans, for fans. Scraping, republication, monetization, and malicious use prohibited; this site may use cookies and collect identifying information. See terms. The Jeopardy! game show and all elements thereof, including but not limited to copyright and trademark thereto, are the property of Jeopardy Productions, Inc. and are protected under law. This website is not affiliated with, sponsored by, or operated by Jeopardy Productions, Inc. Join the discussion at JBoard.tv.